000 00373 a2200133 4500
005 20250430112513.0
020 _a1 85339 393 2
082 _a658.022 HAR
100 _aHARPER, M.
245 _aPartnership Financing for Small Enterprise: Some Lessons from Islamic Credit Systems.
260 _aLondon,
_bIT Ltd,
_c1997.
300 _a6p.: ill.; table
_c29cm
942 _2ddc
_cBKS
999 _c1834
_d1834